WWE Finishers - Statistics

General Stats
  • This quiz has been taken 91 times
  • The average score is 12 of 16
Answer Stats
Picture Answer % Correct
RKO
100%
Pedigree
89%
Spear
89%
Attitude Adjustment
88%
Chokeslam
86%
Rock Bottom
85%
Batista Bomb
82%
Brogue Kick
82%
GTS
82%
Tombstone Piledriver
80%
Stone Cold Stunner
75%
Trouble In Paradise
69%
Skullcrushing Finale
65%
Five Star Frog Splash
52%
Clothesline From Hell
48%
Killswitch
42%
No matching quizzes found
Score Distribution
Percent of People with Each Score
Percentile by Number Answered
Your Score History
You have not taken this quiz